|
000
|
01001nam0 2200277 450
|
|
001
|
CAL 010030182362
|
|
005
|
20130828100543.18
|
|
010
|
|
@a978-7-5611-7886-7@dCNY34.00 (含光盘)
|
|
010
|
|
@a978-7-88879-459-7@b光盘
|
|
016
|
|
@aCN-Q08-13-00193
|
|
100
|
|
@a20130828d2013 em y0chiy0121 ea
|
|
101
|
0
|
@achi@aeng
|
|
102
|
|
@aCN@b210000
|
|
105
|
|
@aa z 000yy
|
|
106
|
|
@ar
|
|
200
|
1
|
@a别笑, 我是职场英语口语漫画书!@Abie xiao, wo shi zhi chang ying yu kou yu man hua shu!@f组编Chic HZ@g插画李海琦, 李海琳
|
|
210
|
|
@a大连@c大连理工大学出版社@d2013.06
|
|
215
|
|
@a289页@c图@d24cm@e光盘1片
|
|
330
|
|
@a本书共分为16部分, 主要内容包括: 求职、面试、不同职位面试、初入职场、日常工作、特殊情况、开会、同事打交道、人际沟通、人事福利等。
|
|
606
|
0
|
@a英语@Aying yu@x口语
|
|
690
|
|
@aH319.9@v5
|
|
702
|
0
|
@a李海琦@Ali hai qi@4插画
|
|
702
|
0
|
@a李海琳@Ali hai lin@4插画
|
|
711
|
02
|
@aChic HZ@4组编
|
|
801
|
0
|
@aCN@bRENTIAN@c20130828
|
|
905
|
|
@aCKNYKJZYXY@b300497812-4@dH319.9@e187@f3
|
|
|
|
|
| |
| 别笑, 我是职场英语口语漫画书!/组编Chic HZ/插画李海琦, 李海琳.-大连:大连理工大学出版社,2013.06 |
| 289页:图;24cm+光盘1片 |
| |
| |
| ISBN 978-7-5611-7886-7:CNY34.00 (含光盘) |
| 本书共分为16部分, 主要内容包括: 求职、面试、不同职位面试、初入职场、日常工作、特殊情况、开会、同事打交道、人际沟通、人事福利等。 |
| ● |
正题名:别笑, 我是职场英语口语漫画书!
索取号:H319.9/187
 
预约/预借
| 序号
|
登录号
|
条形码
|
馆藏地/架位号
|
状态
|
备注
|
|
1
|
497812
|
300497812
|
海科密-1楼/26架6列5层/
[索取号:H319.9/187]
|
在馆
|
|
|
2
|
497813
|
300497813
|
柳城-3楼/17架11列4层/
[索取号:H319.9/187]
|
在馆
|
|
|
3
|
497814
|
300497814
|
柳城-3楼/17架11列4层/
[索取号:H319.9/187]
|
在馆
|
|